000 00637 a2200193 4500
999 _c1826
_d1826
010 _aENG-85243 B-477806
020 _a8183820905
_c450.00
035 _aEN-68776 B-477806
037 _bD.B.Act / Pub
037 _bK.K.Pub
082 1 4 _a880
245 1 _aGenius
_bedited by Punnagai
260 _aNew Delhi
_bLotus Press
_c2023
270 _a4263/3, Ansari Road, Darya Ganj,
_bNew Delhi
_cDelhi
_e110002
300 _a295 p.
_c23 cm. (Hb)
650 _aTagore, Rabindranath
942 _adpl
_cEN
_2ddc
_h880
_mGEN
_s1